[Event "Gniezno GOSiR op-A"]
[Site "Gniezno"]
[Date "2012.08.11"]
[Round "1"]
[White "Adamczyk, Wieslaw"]
[Black "Kujawski, Jan"]
[Result "0-1"]
[WhiteElo "1582"]
[BlackElo "2100"]
[PlyCount "120"]
[EventDate "2012.08.11"]
[EventType "swiss"]
[EventRounds "9"]
[EventCountry "POL"]
[SourceTitle "EXT 2023"]
[Source "ChessBase"]
[SourceDate "2022.10.05"]
[SourceVersion "1"]
[SourceVersionDate "2022.10.05"]
[SourceQuality "1"]

1. e4 d6 2. d4 Nf6 3. Nc3 g6 4. f4 c6 5. Nf3 Bg7 6. Be2 0-0 7. 0-0 Bg4 8. h3 Bxf3 9. Bxf3 e6 10. Be3 Nbd7 11. Qd2 b5 12. Ne2 Rc8 13. Rad1 Nb6 14. b3 Qc7 15. Ng3 c5 16. dxc5 dxc5 17. Qd6 Nfd7 18. Qxc7 Rxc7 19. Be2 a6 20. Rd6 Rfc8 21. Rfd1 Bf8 22. R6d2 Be7 23. c4 b4 24. e5 Nb8 25. Ne4 Kf8 26. g4 Ke8 27. g5 Rd7 28. Nf6+ Bxf6 29. Rxd7 N6xd7 30. gxf6 a5 31. Bf3 Rc7 32. Kf2 a4 33. Kg3 axb3 34. axb3 Ra7 35. Rd3 Ra5 36. Rd6 Kd8 37. Be4 Kc7 38. Bg2 Nxf6 39. Rd3 Nfd7 40. Kg4 h6 41. h4 Nc6 42. h5 Ne7 43. hxg6 fxg6 44. Bf2 Nf5 45. Be4 Ra2 46. Kf3 g5 47. fxg5 Nxe5+ 48. Kg2 Nxd3 49. Bxd3 hxg5 50. Kf3 Rb2 51. Bxc5 Rxb3 52. Ke4 Nd6+ 53. Ke3 Nxc4+ 54. Kd4 Nd6 55. Be2 Rb2 56. Bg4 Nf5+ 57. Ke5 Kd7 58. Bf8 b3 59. Bd1 Rb1 60. Bf3 b2 0-1

[Event "POL-chT3 2010/11"]
[Site "Wielkopolska"]
[Date "2011.04.15"]
[Round "11"]
[White "Kujawski, Jan"]
[Black "Madalinski, Mariusz"]
[Result "1-0"]
[WhiteElo "2069"]
[BlackElo "2152"]
[PlyCount "74"]
[EventDate "2010.11.28"]
[EventType "team-tourn"]
[EventRounds "11"]
[EventCountry "POL"]
[SourceTitle "EXT 2019"]
[Source "ChessBase"]
[SourceDate "2018.10.10"]
[SourceVersion "1"]
[SourceVersionDate "2018.10.10"]
[SourceQuality "1"]
[WhiteTeam "Gniezno LKS Chrobry II"]
[BlackTeam "Steszew Lipno"]
[WhiteTeamCountry "POL"]
[BlackTeamCountry "POL"]

1. e4 c6 2. d4 d5 3. e5 Bf5 4. Bd3 Bxd3 5. Qxd3 e6 6. Ne2 Bb4+ 7. c3 Ba5 8. 0-0 Ne7 9. f4 0-0 10. Nd2 Nd7 11. Nf3 f5 12. Ng5 Qc8 13. Qh3 h6 14. Nxe6 Rf7 15. Nc5 Nxc5 16. dxc5 Bc7 17. Be3 b6 18. b4 bxc5 19. Bxc5 Bb6 20. Qe3 Qa6 21. Nc1 Qc4 22. Nb3 Re8 23. Rac1 Nc8 24. Qd4 Bxc5 25. bxc5 Qa6 26. Rf2 Re6 27. c4 Rd7 28. cxd5 Rxd5 29. Qc4 Qxc4 30. Rxc4 Re7 31. Nd4 Rb7 32. Nxf5 Rb1+ 33. Rf1 Rb2 34. Rd4 Rxd4 35. Nxd4 Rxa2 36. Nxc6 Kf7 37. Rd1 Ke6 1-0

[Event "POL-chT3 2010/11"]
[Site "Wielkopolska"]
[Date "2011.01.23"]
[Round "5"]
[White "Tomaszewski, Kacper"]
[Black "Kujawski, Jan"]
[Result "1/2-1/2"]
[WhiteElo "1732"]
[BlackElo "2069"]
[PlyCount "201"]
[EventDate "2010.11.28"]
[EventType "team-tourn"]
[EventRounds "11"]
[EventCountry "POL"]
[SourceTitle "EXT 2019"]
[Source "ChessBase"]
[SourceDate "2018.10.10"]
[SourceVersion "1"]
[SourceVersionDate "2018.10.10"]
[SourceQuality "1"]
[WhiteTeam "Jarocin JKSW"]
[BlackTeam "Gniezno LKS Chrobry II"]
[WhiteTeamCountry "POL"]
[BlackTeamCountry "POL"]

1. d4 d5 2. c4 c6 3. Nc3 Nf6 4. Nf3 g6 5. cxd5 cxd5 6. Bf4 a6 7. e3 Bg7 8. Bd3 0-0 9. 0-0 Bg4 10. h3 Bxf3 11. Qxf3 e6 12. Rac1 Nbd7 13. Na4 Rc8 14. Bd6 Re8 15. b4 Nb6 16. Rxc8 Nxc8 17. Be5 Nd7 18. Bxg7 Kxg7 19. Rc1 Nd6 20. Nc5 Qe7 21. a4 Nf6 22. Qg3 Rc8 23. Rc2 Nd7 24. Qf4 e5 25. dxe5 Nxe5 26. Qd4 Qf6 27. Qxd5 Rd8 28. Qb3 Nf5 29. Be2 b6 30. Ne4 Qe7 31. Qc3 f6 32. Qc7 Rd7 33. Qxb6 Rb7 34. Qxa6 Rxb4 35. Nd2 Nf7 36. a5 Ra4 37. Nb3 Nxe3 38. Rb2 Qe5 39. Rb1 Nxg2 40. Qb5 Nf4 41. Qxe5 Nxe5 42. Bf1 Ra2 43. Bg2 Ned3 44. Rf1 Ra3 45. Rb1 Ne2+ 46. Kh2 Nc3 47. Ra1 Rxb3 48. a6 Nb5 49. a7 Nxa7 50. Rxa7+ Kh6 51. f3 Nf4 52. Ra4 g5 53. Kg3 Rb2 54. Bf1 Rb1 55. Kf2 Rb2+ 56. Kg3 Rd2 57. h4 Nh5+ 58. Kh3 Nf4+ 59. Kg3 Kh5 60. Ra6 Ng6 61. hxg5 fxg5 62. Bh3 Rd8 63. Bf5 Rg8 64. Bxg6+ hxg6 65. Ra1 Kh6 66. Kg4 Rf8 67. Rh1+ Kg7 68. Kxg5 Rxf3 69. Ra1 Rf5+ 70. Kg4 Rb5 71. Ra3 Rf5 72. Rb3 Rf1 73. Kg3 Kh6 74. Kg2 Rf4 75. Ra3 Kh5 76. Rb3 g5 77. Ra3 Kg4 78. Rb3 Rc4 79. Rg3+ Kf5 80. Rb3 Re4 81. Ra3 Kg4 82. Rg3+ Kh5 83. Rh3+ Kg6 84. Ra3 Rg4+ 85. Rg3 Kf5 86. Kf3 Ra4 87. Kf2 Ra2+ 88. Kf1 Kf4 89. Rb3 g4 90. Kg1 Kg5 91. Rc3 Kh4 92. Rb3 Re2 93. Ra3 Kg5 94. Rb3 Kf4 95. Ra3 Rb2 96. Rc3 Kg5 97. Ra3 Kh4 98. Rc3 Rb4 99. Kg2 g3 100. Rc8 Rb2+ 101. Kg1 1/2-1/2

[Event "POL-chT3 2010/11"]
[Site "Wielkopolska"]
[Date "2010.12.18"]
[Round "3"]
[White "Mikolajczyk, Ireneusz"]
[Black "Kujawski, Jan"]
[Result "0-1"]
[WhiteElo "1905"]
[BlackElo "2069"]
[PlyCount "108"]
[EventDate "2010.11.28"]
[EventType "team-tourn"]
[EventRounds "11"]
[EventCountry "POL"]
[SourceTitle "EXT 2019"]
[Source "ChessBase"]
[SourceDate "2018.10.10"]
[SourceVersion "1"]
[SourceVersionDate "2018.10.10"]
[SourceQuality "1"]
[WhiteTeam "Koscian Tecza"]
[BlackTeam "Gniezno LKS Chrobry II"]
[WhiteTeamCountry "POL"]
[BlackTeamCountry "POL"]

1. e4 d6 2. d4 Nf6 3. Nc3 g6 4. Bg5 Bg7 5. Nf3 c6 6. Bc4 b5 7. Bd3 Qc7 8. 0-0 0-0 9. Re1 e5 10. d5 b4 11. Bxf6 Bxf6 12. Ne2 cxd5 13. exd5 Bb7 14. c4 Bg7 15. Qb3 f5 16. Bc2 a5 17. Ng5 Rc8 18. Qh3 h6 19. Ne6 Qxc4 20. Rac1 Qb5 21. Bb3 Na6 22. Qg3 Qe8 23. h4 Kh7 24. h5 g5 25. Qd3 Qxh5 26. Qxf5+ Qg6 27. Qh3 g4 28. Qe3 a4 29. Bxa4 Bxd5 30. Nxg7 Kxg7 31. Red1 Rxc1 32. Nxc1 Bb7 33. Qe2 Nc5 34. Bc2 Be4 35. Bxe4 Nxe4 36. Qb5 Rf8 37. Nd3 g3 38. f3 Ng5 39. Qd7+ Nf7 40. Nxb4 h5 41. Nc6 Qc2 42. Rf1 Qxb2 43. Ne7 Qd4+ 44. Kh1 Qh4+ 45. Qh3 Qxe7 46. Qxg3+ Qg5 47. Qh3 Ra8 48. Rf2 Ra4 49. Qe6 Rh4+ 50. Kg1 Qc1+ 51. Rf1 Qe3+ 52. Rf2 Rd4 53. Qb3 Qxb3 54. axb3 Rd1+ 0-1

[Event "POL-chT3 2010/11"]
[Site "Wielkopolska"]
[Date "2010.12.13"]
[Round "1"]
[White "Kujawski, Jan"]
[Black "Swiatnicki, Andrzej"]
[Result "1/2-1/2"]
[WhiteElo "2069"]
[BlackElo "2123"]
[PlyCount "94"]
[EventDate "2010.11.28"]
[EventType "team-tourn"]
[EventRounds "11"]
[EventCountry "POL"]
[SourceTitle "EXT 2019"]
[Source "ChessBase"]
[SourceDate "2018.10.10"]
[SourceVersion "1"]
[SourceVersionDate "2018.10.10"]
[SourceQuality "1"]
[WhiteTeam "Gniezno LKS Chrobry II"]
[BlackTeam "Konin Hetman"]
[WhiteTeamCountry "POL"]
[BlackTeamCountry "POL"]

1. e4 e5 2. Nf3 Nc6 3. Nc3 Nf6 4. d3 Bb4 5. Be2 d5 6. exd5 Nxd5 7. Bd2 Nxc3 8. Bxc3 Bxc3+ 9. bxc3 0-0 10. Nd2 Qd5 11. Bf3 Qa5 12. Bxc6 bxc6 13. c4 e4 14. 0-0 exd3 15. cxd3 Bf5 16. Ne4 Bxe4 17. dxe4 Rfd8 18. Qe2 Rd2 19. Qe3 Rad8 20. a4 h6 21. h3 Rc2 22. e5 Re8 23. Qe4 Rd2 24. Rfe1 Qc5 25. Qe3 Qxe3 26. Rxe3 Rc2 27. Rd1 Rxc4 28. Rd7 Rxa4 29. Rxc7 Ra5 30. f4 Ra4 31. f5 Rf4 32. g4 Rb8 33. Kg2 g5 34. fxg6 fxg6 35. e6 Rf6 36. Rxc6 Re8 37. h4 g5 38. hxg5 hxg5 39. Re5 Kh7 40. Rxg5 Rfxe6 41. Rc7+ R8e7 42. Rxe7+ Rxe7 43. Ra5 Kg6 44. Kg3 Rb7 45. Kh4 Rh7+ 46. Kg3 Rb7 47. Kf4 Rb4+ 1/2-1/2

[Event "Gniezno Powiatu-A"]
[Site "Gniezno"]
[Date "2010.11.14"]
[Round "5.4"]
[White "Kaluzny, Wlodzimierz"]
[Black "Kujawski, Jan"]
[Result "0-1"]
[WhiteElo "2138"]
[BlackElo "2069"]
[PlyCount "84"]
[EventDate "2010.11.12"]
[EventType "swiss"]
[EventRounds "5"]
[EventCountry "POL"]
[SourceTitle "EXT 2023"]
[Source "ChessBase"]
[SourceDate "2022.10.05"]
[SourceVersion "1"]
[SourceVersionDate "2022.10.05"]
[SourceQuality "1"]

1. d4 d5 2. Nf3 Nf6 3. Bf4 c6 4. c3 g6 5. h3 Bg7 6. e3 Bf5 7. Bd3 Bxd3 8. Qxd3 0-0 9. Nbd2 Nbd7 10. 0-0 Re8 11. Bh2 Rc8 12. Ne5 Nxe5 13. Bxe5 Nd7 14. Bxg7 Kxg7 15. Nf3 e6 16. Rad1 Qf6 17. b3 a6 18. c4 Red8 19. Qc3 h5 20. Qb4 Re8 21. Qd6 Qe7 22. Qxe7 Rxe7 23. cxd5 exd5 24. Rd2 Rce8 25. Rc2 f6 26. Ne1 g5 27. g3 f5 28. Nf3 Kg6 29. h4 f4 30. exf4 gxf4 31. Kg2 Kf5 32. Rd2 Re2 33. Rfd1 fxg3 34. Kxg3 Nf6 35. Ng5 Ne4+ 36. Nxe4 R2xe4 37. f3 Rg8+ 38. Kh3 Re3 39. Rd3 Rxd3 40. Rxd3 Kf4 41. Rd1 Rg3+ 42. Kh2 Rxf3 0-1

[Event "Gniezno Powiatu-A"]
[Site "Gniezno"]
[Date "2010.11.12"]
[Round "1.7"]
[White "Wisniewski, Wieslaw"]
[Black "Kujawski, Jan"]
[Result "1/2-1/2"]
[WhiteElo "1574"]
[BlackElo "2069"]
[PlyCount "117"]
[EventDate "2010.11.12"]
[EventType "swiss"]
[EventRounds "5"]
[EventCountry "POL"]
[SourceTitle "EXT 2023"]
[Source "ChessBase"]
[SourceDate "2022.10.05"]
[SourceVersion "1"]
[SourceVersionDate "2022.10.05"]
[SourceQuality "1"]

1. e4 d6 2. Nf3 g6 3. Be2 Bg7 4. d3 Nf6 5. Nc3 0-0 6. 0-0 c5 7. Bg5 Nc6 8. Qd2 Re8 9. Bh6 Bh8 10. h3 Bd7 11. Rab1 Rc8 12. Rfe1 a6 13. a3 b5 14. Nd5 b4 15. axb4 Nxd5 16. exd5 Nxb4 17. c4 a5 18. d4 Bf5 19. Rbc1 e5 20. dxe5 dxe5 21. Bg5 Qd6 22. g4 Bd7 23. b3 f5 24. Nh4 f4 25. Bd3 Bg7 26. Nf3 h6 27. Bh4 g5 28. Bxg5 hxg5 29. Kg2 Bf6 30. Bb1 Re7 31. Qe2 Rce8 32. Qe4 Rg7 33. Re2 a4 34. bxa4 Bxa4 35. Rce1 Bd7 36. Nd2 Nc6 37. Nb3 Nd4 38. Nxd4 cxd4 39. Rc1 Rc8 40. Rec2 Rc5 41. Ra2 Qc7 42. Bd3 Be7 43. Ra6 Ra5 44. Rg6 Bf8 45. Rxg5 Be8 46. Qxe5 Qxe5 47. Rxe5 Bg6 48. Bxg6 Rxg6 49. Re4 d3 50. Rd1 Rf6 51. Rxd3 Kg7 52. Kf3 Bd6 53. g5 Rf8 54. Re6 Bc5 55. Rc6 Rh8 56. Kxf4 Rh4+ 57. Kf5 Rxc4 58. Rc7+ Kf8 59. Rf3 1/2-1/2

[Event "Radviliskis op"]
[Site "Radviliskis"]
[Date "2009.07.02"]
[Round "1"]
[White "Navickaite, Sandra"]
[Black "Kujawski, Jan"]
[Result "1-0"]
[WhiteElo "1705"]
[BlackElo "2100"]
[PlyCount "95"]
[EventDate "2009.07.02"]
[EventType "swiss"]
[EventRounds "7"]
[EventCountry "LTU"]
[SourceTitle "EXT 2023"]
[Source "ChessBase"]
[SourceDate "2022.10.05"]
[SourceVersion "1"]
[SourceVersionDate "2022.10.05"]
[SourceQuality "1"]

1. d4 d5 2. c4 c6 3. cxd5 cxd5 4. Nc3 a6 5. Nf3 Nf6 6. Bf4 Nc6 7. e3 g6 8. Bd3 Bg7 9. 0-0 0-0 10. h3 Bf5 11. Bxf5 gxf5 12. Rc1 Ne4 13. Ng5 e6 14. Ngxe4 fxe4 15. a3 Kh8 16. Na4 Qe7 17. Nc5 Na5 18. Qa4 Nc4 19. b3 e5 20. bxc4 exf4 21. Qd7 Qh4 22. Qxd5 fxe3 23. fxe3 Qg3 24. Qxe4 Rae8 25. Rf3 Rxe4 26. Rxg3 Rxe3 27. Rg4 f5 28. Rh4 Bf6 29. Nd7 Bxh4 30. Nxf8 Rxa3 31. d5 Rd3 32. Ne6 Be7 33. Rb1 h5 34. Rxb7 Bh4 35. Rb1 Bg3 36. Rc1 Bb8 37. c5 Rxd5 38. c6 Ra5 39. c7 Bxc7 40. Rxc7 Ra1+ 41. Kf2 a5 42. Nf4 a4 43. Nxh5 Kg8 44. Nf6+ Kf8 45. Ra7 a3 46. Kg3 f4+ 47. Kxf4 a2 48. Kg5 1-0

[Event "POL-chT 2nd League"]
[Site "Lublin"]
[Date "2006.09.07"]
[Round "6.11"]
[White "Kujawski, Jan"]
[Black "Bednarski, Jacek B"]
[Result "1/2-1/2"]
[WhiteElo "2174"]
[BlackElo "2244"]
[PlyCount "25"]
[EventDate "2006.09.02"]
[EventType "team-swiss"]
[EventRounds "9"]
[EventCountry "POL"]
[SourceTitle "EXT 2019"]
[Source "ChessBase"]
[SourceDate "2018.10.10"]
[SourceVersion "1"]
[SourceVersionDate "2018.10.10"]
[SourceQuality "1"]
[WhiteTeam "Gniezno LKS Chrobry"]
[BlackTeam "Wroclaw AZS WSB"]
[WhiteTeamCountry "POL"]
[BlackTeamCountry "POL"]

1. e4 e6 2. d4 d5 3. Nd2 Be7 4. c3 c5 5. e5 Nc6 6. Bb5 cxd4 7. cxd4 Nh6 8. Ne2 Nf5 9. 0-0 Bd7 10. Bxc6 Bxc6 11. Nf3 h5 12. Ng3 g6 13. Re1 1/2-1/2

[Event "POL-chT 2nd League"]
[Site "Lublin"]
[Date "2006.09.02"]
[Round "1.35"]
[White "Zielinski, Olgierd"]
[Black "Kujawski, Jan"]
[Result "1-0"]
[WhiteElo "1991"]
[BlackElo "2174"]
[PlyCount "52"]
[EventDate "2006.09.02"]
[EventType "team-swiss"]
[EventRounds "9"]
[EventCountry "POL"]
[SourceTitle "EXT 2019"]
[Source "ChessBase"]
[SourceDate "2018.10.10"]
[SourceVersion "1"]
[SourceVersionDate "2018.10.10"]
[SourceQuality "1"]
[WhiteTeam "Torun Apator"]
[BlackTeam "Gniezno LKS Chrobry"]
[WhiteTeamCountry "POL"]
[BlackTeamCountry "POL"]

1. e4 d6 2. d4 Nf6 3. Nc3 g6 4. f4 Bg7 5. Nf3 c5 6. d5 0-0 7. Be2 a6 8. a4 e6 9. 0-0 exd5 10. exd5 Bg4 11. h3 Bxf3 12. Bxf3 Nbd7 13. Ne4 Nxe4 14. Bxe4 f5 15. Bf3 Re8 16. c3 Nf6 17. Re1 Rxe1+ 18. Qxe1 Qc7 19. Be3 Re8 20. Qd2 Ne4 21. Bxe4 Rxe4 22. Kf2 Qa5 23. Qc2 b5 24. Ra3 Rxa4 25. Rxa4 bxa4 26. Qe2 Qb5 1-0

[Event "POL-chT 2nd League"]
[Site "Wysowa"]
[Date "2005.09.03"]
[Round "8.65"]
[White "Kujawski, Jan"]
[Black "Flazinski, Jozef"]
[Result "1/2-1/2"]
[WhiteElo "2114"]
[BlackElo "2010"]
[PlyCount "102"]
[EventDate "2005.08.27"]
[EventType "team-swiss"]
[EventRounds "9"]
[EventCountry "POL"]
[SourceTitle "EXT 2019"]
[Source "ChessBase"]
[SourceDate "2018.10.10"]
[SourceVersion "1"]
[SourceVersionDate "2018.10.10"]
[SourceQuality "1"]
[WhiteTeam "Gniezno LKS Chrobry"]
[BlackTeam "Wegrow SRSDiM"]
[WhiteTeamCountry "POL"]
[BlackTeamCountry "POL"]

1. e4 c5 2. Nf3 Nc6 3. Nc3 g6 4. d4 cxd4 5. Nxd4 Bg7 6. Be3 Nf6 7. Bc4 d6 8. f3 0-0 9. Qd2 Na5 10. Be2 a6 11. 0-0 b5 12. Rad1 Qc7 13. g4 e5 14. Nb3 Nxb3 15. cxb3 Rd8 16. g5 Nh5 17. Nd5 Qb7 18. Rc1 Be6 19. Rc7 Qb8 20. Rfc1 Nf4 21. Bxf4 exf4 22. Nxf4 Qb6+ 23. Kg2 Qd4 24. Qxd4 Bxd4 25. Nxe6 fxe6 26. R1c2 Be3 27. h4 d5 28. Bd3 Bf4 29. exd5 Bxc7 30. Rxc7 exd5 31. h5 Re8 32. hxg6 hxg6 33. Bxg6 Re2+ 34. Kg3 d4 35. Rd7 Rd2 36. Be4 Re8 37. g6 Rxe4 38. fxe4 Rxb2 39. Rxd4 Kg7 40. Rd6 Rxa2 41. Rb6 Ra3 42. Kf4 Rxb3 43. Rxa6 Rb1 44. Rb6 b4 45. Kf5 Rf1+ 46. Ke5 Rb1 47. Kd4 b3 48. Kc3 b2 49. Re6 Rg1 50. Kxb2 Rxg6 51. Re5 Kf6 1/2-1/2

[Event "POL-chT 2nd League"]
[Site "Wysowa"]
[Date "2005.08.30"]
[Round "4.35"]
[White "Kujawski, Jan"]
[Black "Klykow, Lukasz"]
[Result "1/2-1/2"]
[WhiteElo "2114"]
[BlackElo "2187"]
[PlyCount "55"]
[EventDate "2005.08.27"]
[EventType "team-swiss"]
[EventRounds "9"]
[EventCountry "POL"]
[SourceTitle "EXT 2019"]
[Source "ChessBase"]
[SourceDate "2018.10.10"]
[SourceVersion "1"]
[SourceVersionDate "2018.10.10"]
[SourceQuality "1"]
[WhiteTeam "Gniezno LKS Chrobry"]
[BlackTeam "Wroclaw MUKS MDK Srodmiescie"]
[WhiteTeamCountry "POL"]
[BlackTeamCountry "POL"]

1. e4 e5 2. Nf3 d6 3. d4 f5 4. dxe5 fxe4 5. Ng5 d5 6. e6 Nh6 7. c4 Bb4+ 8. Nc3 d4 9. a3 e3 10. Qh5+ g6 11. Qxh6 exf2+ 12. Ke2 Bf8 13. Qh3 dxc3 14. Qxc3 Rg8 15. Be3 Bg7 16. Qc2 Qe7 17. Rd1 Nc6 18. Kxf2 Bxe6 19. Nxe6 Qxe6 20. Be2 Bf8 21. Bf3 Ne5 22. Qe4 Ng4+ 23. Ke2 Qxe4 24. Bxe4 Nxe3 25. Kxe3 c6 26. b3 Rd8 27. Bf3 Rxd1 28. Rxd1 1/2-1/2

[Event "POL-chT 2nd League"]
[Site "Wysowa"]
[Date "2003.09.13"]
[Round "10"]
[White "Kujawski, Jan"]
[Black "Krajewski, Radoslaw"]
[Result "1-0"]
[WhiteElo "2124"]
[BlackElo "2106"]
[PlyCount "103"]
[EventDate "2003.09.06"]
[EventType "team-swiss"]
[EventRounds "11"]
[EventCountry "POL"]
[SourceTitle "CBM 096 Extra"]
[Source "ChessBase"]
[SourceDate "2003.10.22"]
[SourceVersion "2"]
[SourceVersionDate "2003.10.20"]
[SourceQuality "1"]
[WhiteTeam "Glogow MOK Chrobry"]
[BlackTeam "Gliwice Roszada"]
[WhiteTeamCountry "POL"]
[BlackTeamCountry "POL"]

1. e4 Nf6 2. Nc3 e5 3. Nf3 d6 4. d4 Nbd7 5. Bc4 Be7 6. 0-0 c6 7. a4 0-0 8. h3 b6 9. dxe5 dxe5 10. Re1 Bb7 11. Qe2 a6 12. Bg5 Qc7 13. Nd1 b5 14. Bd3 Nc5 15. axb5 axb5 16. Rxa8 Rxa8 17. Ne3 g6 18. Bxf6 Bxf6 19. b4 Nxd3 20. cxd3 Qd6 21. Rd1 Qxb4 22. Ng4 Bg7 23. Ngxe5 Qc3 24. d4 Ra1 25. Rxa1 Qxa1+ 26. Kh2 Qa3 27. g3 f6 28. Nd7 Bc8 29. Nc5 Bf8 30. Nd3 b4 31. e5 Bf5 32. Nfe1 Qc3 33. exf6 Qxd4 34. Qa2+ Qd5 35. Qe2 c5 36. Nf4 Qe4 37. Qb5 Qd4 38. Neg2 Qxf6 39. Ne3 Be6 40. Qc6 Kf7 41. Ned5 Qe5 42. Qb7+ Kg8 43. Ne7+ Bxe7 44. Qxe7 Qe1 45. Qe8+ Kg7 46. Nxe6+ Kf6 47. Qf8+ Ke5 48. Nxc5 Kd4 49. Kg2 Qe5 50. Nb3+ Kc4 51. Qf7+ Kb5 52. Kf3 1-0

[Event "POL-chT 2nd League"]
[Site "Wysowa"]
[Date "2003.09.09"]
[Round "5"]
[White "Kujawski, Jan"]
[Black "Butkiewicz, Lukasz"]
[Result "1-0"]
[WhiteElo "2124"]
[BlackElo "2073"]
[PlyCount "120"]
[EventDate "2003.09.06"]
[EventType "team-swiss"]
[EventRounds "11"]
[EventCountry "POL"]
[SourceTitle "CBM 096 Extra"]
[Source "ChessBase"]
[SourceDate "2003.10.22"]
[SourceVersion "2"]
[SourceVersionDate "2003.10.20"]
[SourceQuality "1"]
[WhiteTeam "Glogow MOK Chrobry"]
[BlackTeam "Wroclaw Srodmiescie"]
[WhiteTeamCountry "POL"]
[BlackTeamCountry "POL"]

1. e4 c5 2. Nf3 d6 3. Nc3 Nf6 4. b3 Nc6 5. Bb2 e6 6. d4 cxd4 7. Nxd4 Be7 8. Nxc6 bxc6 9. Bd3 e5 10. 0-0 0-0 11. h3 d5 12. f4 Bc5+ 13. Kh1 Ng4 14. exd5 Qh4 15. Ne4 Nf2+ 16. Nxf2 Bxf2 17. Qf3 Bg3 18. f5 cxd5 19. Qxd5 Rb8 20. Qe4 Qh6 21. Qg4 Bf4 22. Bc1 Bxc1 23. Raxc1 Qf6 24. Rce1 Bb7 25. Be4 Ba6 26. c4 Rbd8 27. Rd1 Rfe8 28. Qf3 Rd4 29. Rxd4 exd4 30. Rd1 Qe5 31. Bc6 Rd8 32. Bd5 Bc8 33. Qd3 Bxf5 34. Qxd4 Qxd4 35. Rxd4 Be6 36. Kh2 Kf8 37. Kg3 Ke7 38. Kf4 Kf6 39. b4 g5+ 40. Ke3 Re8 41. Bxe6 Rxe6+ 42. Kd3 Ra6 43. c5 Ke5 44. Rd7 Rxa2 45. c6 Ra1 46. Kc2 Ra6 47. b5 Ra4 48. Kb3 Ra1 49. Rxf7 Rb1+ 50. Kc4 Rc1+ 51. Kd3 Rc5 52. g4 Kd6 53. Rf5 Rc1 54. Rxg5 Kc7 55. Rg7+ Kb6 56. Rb7+ Ka5 57. c7 Kb4 58. Kd4 Rc4+ 59. Kd5 Rc1 60. Kd6 Rd1+ 1-0